Beyond the hundredth meridian (Record no. 148397)

MARC details
000 -LEADER
campo de control de longitud fija 00559nam a2200169 4500
001 - NÚMERO DE CONTROL
campo de control 148397
003 - IDENTIFICADOR DE NÚMERO DE CONTROL
campo de control ES-MaACL
005 - FECHA Y HORA DE LA ÚLTIMA TRANSACCIÓN
campo de control 20230906202616.0
007 - CAMPO FIJO DE DESCRIPCIÓN FÍSICA--INFORMACIÓN GENERAL
campo de control de longitud fija t|
008 - DATOS DE LONGITUD FIJA--INFORMACIÓN GENERAL
campo de control de longitud fija 070214s1954 xxu r ||||1| eng d
100 1# - ENTRADA PRINCIPAL--NOMBRE DE PERSONA
Nombre de persona Stegner, Wallace.
9 (RLIN) 108009
245 10 - MENCIÓN DEL TÍTULO
Título Beyond the hundredth meridian
Resto del título : John Wesley Powell /
Mención de responsabilidad, etc. Wallace Stegner ; with an introduction by Bernard Devoto.
260 ## - PUBLICACIÓN, DISTRIBUCIÓN, ETC.
Lugar de publicación, distribución, etc. Boston :
Nombre del editor, distribuidor, etc. Houghton Mifflin Comp.,
Fecha de publicación, distribución, etc. 1954.
300 ## - DESCRIPCIÓN FÍSICA
Extensión XXIV, 438 p., 9 lám. ;
Dimensiones 22 cm.
700 1# - ENTRADA AGREGADA--NOMBRE PERSONAL
Nombre de persona Devoto, Bernard.
9 (RLIN) 44028
852 ## - LOCALIZACIÓN
Ubicación ES-MaACL
Número de control de estantería C-25546
Sublocalización o colección R.53756
Holdings
Estatus retirado Estado de pérdida Estado de daño No para préstamo Biblioteca de origen Biblioteca actual Ubicación en estantería Fecha de adquisición Fuente de adquisición Total de préstamos Signatura topográfica completa Código de barras Visto por última vez Precio de reemplazo Tipo de ítem Koha
        Biblioteca del Ateneo de Madrid Biblioteca del Ateneo de Madrid Depósito 2 17/01/2008     C-25546 1154868 23/02/2023 23/02/2023 Libro impreso